[Event "GBR-ch82"]
[Site "Swansea"]
[Date "1995.07.31"]
[Round "1"]
[White "Barnes, Michael H"]
[Black "Vigus, James E"]
[Result "0-1"]
[WhiteElo "2295"]
[BlackElo "2110"]
[PlyCount "78"]
[EventDate "1995.07.31"]
[EventType "swiss"]
[EventRounds "11"]
[EventCountry "GBR"]
[SourceTitle "BritBase"]
[Source "John Saunders"]
[SourceDate "2023.06.01"]
[SourceVersion "1"]
[SourceVersionDate "2023.06.01"]
[SourceQuality "1"]

1. d4 Nf6 2. Bg5 Ne4 3. Bf4 d5 4. f3 Nf6 5. e4 dxe4 6. Nc3 Nd5 7. Nxd5 Qxd5 8.
c4 Qa5+ 9. Bd2 Qf5 10. f4 Qg6 11. Be3 Nd7 12. Qa4 c6 13. O-O-O Nf6 14. h3 h5
15. Ne2 b5 16. cxb5 Nd5 17. Qb3 Bd7 18. bxc6 Bxc6 19. g4 hxg4 20. Kb1 Qd6 21.
Bc1 Rb8 22. Qg3 e6 23. Bg2 Bb5 24. Nc3 Bd3+ 25. Rxd3 exd3 26. Nxd5 exd5 27.
Re1+ Be7 28. hxg4 Qb4 29. Rd1 Qxd4 30. Rxd3 Qg1 31. f5 Rc8 32. Rc3 Rxc3 33.
Qxc3 O-O 34. Qd2 Rc8 35. Bxd5 Qxg4 36. Qd3 Qg1 37. Qd2 Rd8 38. a3 Qc5 39. f6
Bxf6 0-1

[Event "GBR-ch82"]
[Site "Swansea"]
[Date "1995.07.31"]
[Round "1"]
[White "Binks, Michael"]
[Black "Kelly, Brian R"]
[Result "0-1"]
[WhiteElo "2110"]
[BlackElo "2300"]
[PlyCount "68"]
[EventDate "1995.07.31"]
[EventType "swiss"]
[EventRounds "11"]
[EventCountry "GBR"]
[SourceTitle "BritBase"]
[Source "John Saunders"]
[SourceDate "2023.06.01"]
[SourceVersion "1"]
[SourceVersionDate "2023.06.01"]
[SourceQuality "1"]

1. d4 d5 2. Nf3 Nf6 3. g3 e6 4. Bg2 Be7 5. O-O O-O 6. c4 c6 7. Nc3 a6 8. cxd5
exd5 9. Bg5 Re8 10. Ne5 Nbd7 11. f4 Nf8 12. Bxf6 Bxf6 13. e4 dxe4 14. Bxe4 Be6
15. Rf2 Qd6 16. Qd2 Rad8 17. Rd1 Qc7 18. Qc2 Qa5 19. Rfd2 h6 20. b3 Qb4 21. Kg2
Qa5 22. f5 Bc8 23. Ng4 Bg5 24. Rd3 Bxf5 25. b4 Bxe4+ 26. Nxe4 Qd5 27. Ngf2 f5
28. Rc3 fxe4 29. Rc5 Qf7 30. Nxe4 Be7 31. Rf1 Qg6 32. Rcf5 Ne6 33. Rf6 gxf6 34.
Nxf6+ Kg7 0-1

[Event "GBR-ch82"]
[Site "Swansea"]
[Date "1995.07.31"]
[Round "1"]
[White "Cobb, James E"]
[Black "Van Zyil Smit, Konrad"]
[Result "1-0"]
[WhiteElo "2280"]
[BlackElo "2100"]
[PlyCount "69"]
[EventDate "1995.07.31"]
[EventType "swiss"]
[EventRounds "11"]
[EventCountry "GBR"]
[SourceTitle "BritBase"]
[Source "John Saunders"]
[SourceDate "2023.06.01"]
[SourceVersion "1"]
[SourceVersionDate "2023.06.01"]
[SourceQuality "1"]

1. e4 e5 2. Nf3 Nc6 3. Bc4 Nf6 4. d3 h6 5. c3 d6 6. Nbd2 g6 7. O-O Bg7 8. b4 a6
9. a4 O-O 10. Re1 Bg4 11. h3 Bd7 12. Nf1 Nh5 13. Qb3 Kh7 14. Bd2 f5 15. exf5
gxf5 16. Bf7 Nf6 17. Be6 Bxe6 18. Qxe6 Qd7 19. Qxd7 Nxd7 20. Ne3 Ne7 21. Nc4
Rae8 22. Rac1 f4 23. Re2 Nf5 24. Na5 b6 25. Nc6 Nb8 26. Nxb8 Rxb8 27. d4 Rbd8
28. Rce1 exd4 29. cxd4 Bxd4 30. Nxd4 Nxd4 31. Re7+ Kg6 32. Rxc7 f3 33. Re4 Ne2+
34. Kf1 Kf5 35. gxf3 1-0

[Event "GBR-ch82"]
[Site "Swansea"]
[Date "1995.07.31"]
[Round "1"]
[White "Fish, Andrew"]
[Black "Condie, Mark L"]
[Result "0-1"]
[WhiteElo "2165"]
[BlackElo "2450"]
[PlyCount "70"]
[EventDate "1995.07.31"]
[EventType "swiss"]
[EventRounds "11"]
[EventCountry "GBR"]
[SourceTitle "BritBase"]
[Source "John Saunders"]
[SourceDate "2023.06.01"]
[SourceVersion "1"]
[SourceVersionDate "2023.06.01"]
[SourceQuality "1"]

1. e4 d5 2. exd5 Nf6 3. d4 Nxd5 4. Nf3 g6 5. Be2 Bg7 6. c4 Nb6 7. Be3 O-O 8.
Nc3 Bg4 9. Ne5 Bxe2 10. Qxe2 N8d7 11. Nxd7 Qxd7 12. Rd1 Qc6 13. b3 Qxg2 14. Kd2
Rad8 15. Kc2 Qh3 16. Rhg1 e5 17. d5 f5 18. Rg3 Qxh2 19. Qf3 e4 20. Qf4 Qh5 21.
Rg5 Qf3 22. Qh2 f4 23. Rh1 h5 24. Rxg6 fxe3 25. Qe5 Rf7 26. Rhg1 Rdd7 27. Nxe4
Kf8 28. Rxg7 Rxg7 29. Rxg7 Rxg7 30. Qe6 exf2 31. Nf6 Rf7 32. Ne4 f1=Q 33. Qh6+
Kg8 34. Qg6+ Rg7 35. Qe8+ Kh7 0-1

[Event "GBR-ch82"]
[Site "Swansea"]
[Date "1995.07.31"]
[Round "1"]
[White "Hague, Ben"]
[Black "Hennigan, Michael T"]
[Result "0-1"]
[WhiteElo "2230"]
[BlackElo "2465"]
[PlyCount "80"]
[EventDate "1995.07.31"]
[EventType "swiss"]
[EventRounds "11"]
[EventCountry "GBR"]
[SourceTitle "BritBase"]
[Source "John Saunders"]
[SourceDate "2023.06.01"]
[SourceVersion "1"]
[SourceVersionDate "2023.06.01"]
[SourceQuality "1"]

1. e4 c5 2. d4 cxd4 3. c3 d3 4. Bxd3 Nc6 5. c4 e5 6. Nc3 Bc5 7. Nge2 d6 8. O-O
Nge7 9. Kh1 O-O 10. Ng3 Nd4 11. f4 exf4 12. Bxf4 Ng6 13. Nd5 Nxf4 14. Rxf4 Ne6
15. Rf5 Bd4 16. e5 Bxe5 17. Rxe5 dxe5 18. Qh5 g6 19. Qxe5 f6 20. Qe3 Nc7 21.
Ne7+ Kg7 22. Rf1 Rf7 23. Re1 Be6 24. Nef5+ Bxf5 25. Bxf5 gxf5 26. Nxf5+ Kh8 27.
Nh6 Rd7 28. h3 Qf8 29. Qf4 Re8 30. Rf1 Ne6 31. Qh4 Qg7 32. Rxf6 Ng5 33. Rf5
Rd1+ 34. Kh2 Qc7+ 35. Rf4 Rf8 36. g3 Rxf4 37. Qxf4 Qxf4 38. gxf4 Ne4 39. Ng4
Rd2+ 40. Kg1 Rxb2 0-1

[Event "GBR-ch82"]
[Site "Swansea"]
[Date "1995.07.31"]
[Round "1"]
[White "Howell, James C"]
[Black "Nelson, Jonathan P"]
[Result "1-0"]
[WhiteElo "2525"]
[BlackElo "2255"]
[PlyCount "59"]
[EventDate "1995.07.31"]
[EventType "swiss"]
[EventRounds "11"]
[EventCountry "GBR"]
[SourceTitle "BritBase"]
[Source "John Saunders"]
[SourceDate "2023.06.01"]
[SourceVersion "1"]
[SourceVersionDate "2023.06.01"]
[SourceQuality "1"]

1. e4 c5 2. Nf3 Nc6 3. d4 cxd4 4. Nxd4 Nf6 5. Nc3 e5 6. Ndb5 d6 7. Bg5 a6 8.
Na3 b5 9. Bxf6 gxf6 10. Nd5 Bg7 11. Bd3 Ne7 12. Nxe7 Qxe7 13. c3 O-O 14. O-O f5
15. Nc2 Bb7 16. exf5 e4 17. Be2 d5 18. a3 Rad8 19. Nd4 Rd6 20. Re1 Be5 21. g3
Bc8 22. Bg4 Qg5 23. Bh3 Qh6 24. Bg2 Bxd4 25. Qxd4 Bxf5 26. a4 Bd7 27. Rad1 f5
28. f3 bxa4 29. fxe4 Rb6 30. exf5 1-0

[Event "GBR-ch82"]
[Site "Swansea"]
[Date "1995.07.31"]
[Round "1"]
[White "Jackson, Oliver"]
[Black "Turner, Matthew J"]
[Result "0-1"]
[WhiteElo "2200"]
[BlackElo "2400"]
[PlyCount "64"]
[EventDate "1995.07.31"]
[EventType "swiss"]
[EventRounds "11"]
[EventCountry "GBR"]
[SourceTitle "BritBase"]
[Source "John Saunders"]
[SourceDate "2023.06.01"]
[SourceVersion "1"]
[SourceVersionDate "2023.06.01"]
[SourceQuality "1"]

1. e4 c5 2. Nc3 Nc6 3. f4 g6 4. Nf3 Bg7 5. Bb5 Nd4 6. O-O Nxb5 7. Nxb5 a6 8.
Nc3 d6 9. d3 Nf6 10. Qe1 b5 11. Kh1 Bb7 12. e5 Nd5 13. e6 fxe6 14. Ng5 Nc7 15.
Qg3 O-O 16. Bd2 Qd7 17. Rae1 e5 18. Nce4 exf4 19. Bxf4 Bxe4 20. dxe4 h6 21. Nf3
g5 22. Bc1 Qe6 23. h4 g4 24. Nh2 h5 25. Rf5 Rxf5 26. exf5 Qxf5 27. Rxe7 Be5 28.
Qe1 Nd5 29. Rb7 Qc8 30. Rh7 Kxh7 31. Qe4+ Kh8 32. Qxd5 Ra7 0-1

[Event "GBR-ch82"]
[Site "Swansea"]
[Date "1995.07.31"]
[Round "1"]
[White "Lawton, Geoffrey W"]
[Black "Mah, Karl"]
[Result "1-0"]
[WhiteElo "2385"]
[BlackElo "2200"]
[PlyCount "49"]
[EventDate "1995.07.31"]
[EventType "swiss"]
[EventRounds "11"]
[EventCountry "GBR"]
[SourceTitle "BritBase"]
[Source "John Saunders"]
[SourceDate "2023.06.01"]
[SourceVersion "1"]
[SourceVersionDate "2023.06.01"]
[SourceQuality "1"]

1. a3 g6 2. h4 Nf6 3. b4 Bg7 4. Bb2 d5 5. e3 c5 6. bxc5 Qa5 7. c4 Qxc5 8. cxd5
O-O 9. Ne2 Nxd5 10. Bxg7 Kxg7 11. Nbc3 Nxc3 12. Nxc3 Nc6 13. Qb3 Be6 14. Qb2
Kg8 15. h5 Na5 16. hxg6 fxg6 17. Rh4 Nb3 18. Rd1 Rac8 19. Rb4 Qf5 20. f3 Qg5
21. Ne4 Qd5 22. Rb5 Nc5 23. d4 Na4 24. Qb4 a5 25. Qxa4 1-0

[Event "GBR-ch82"]
[Site "Swansea"]
[Date "1995.07.31"]
[Round "1"]
[White "Ledger, Andrew J"]
[Black "Yeo, Michael J"]
[Result "1-0"]
[WhiteElo "2410"]
[BlackElo "2210"]
[PlyCount "67"]
[EventDate "1995.07.31"]
[EventType "swiss"]
[EventRounds "11"]
[EventCountry "GBR"]
[SourceTitle "BritBase"]
[Source "John Saunders"]
[SourceDate "2023.06.01"]
[SourceVersion "1"]
[SourceVersionDate "2023.06.01"]
[SourceQuality "1"]

1. c4 e5 2. Nc3 Nc6 3. g3 g6 4. Bg2 Bg7 5. Rb1 Nf6 6. d3 O-O 7. Nf3 d6 8. O-O
h6 9. b4 Nh5 10. b5 Ne7 11. d4 exd4 12. Nxd4 Nf5 13. e3 Nxd4 14. exd4 f5 15.
Nd5 Kh7 16. Re1 Rf7 17. Rb3 Bd7 18. Nb4 f4 19. Bxb7 fxg3 20. hxg3 Rb8 21. Bd5
Rf8 22. Rf3 Nf6 23. Nc6 Bxc6 24. Bxc6 Qc8 25. Kg2 a6 26. a4 axb5 27. axb5 Rf7
28. Qd3 Qf8 29. Re6 Re7 30. Qe2 Rf7 31. d5 Ng8 32. Rxf7 Qxf7 33. Be8 Rxe8 34.
Rxe8 1-0

[Event "GBR-ch82"]
[Site "Swansea"]
[Date "1995.07.31"]
[Round "1"]
[White "Levitt, Jonathan P"]
[Black "Cobb, Charles A"]
[Result "1/2-1/2"]
[WhiteElo "2420"]
[BlackElo "2210"]
[PlyCount "90"]
[EventDate "1995.07.31"]
[EventType "swiss"]
[EventRounds "11"]
[EventCountry "GBR"]
[SourceTitle "BritBase"]
[Source "John Saunders"]
[SourceDate "2023.06.01"]
[SourceVersion "1"]
[SourceVersionDate "2023.06.01"]
[SourceQuality "1"]

1. d4 e6 2. c4 Nf6 3. Nc3 Bb4 4. e3 c5 5. Nge2 cxd4 6. exd4 d5 7. a3 Be7 8. c5
b6 9. b4 O-O 10. g3 a5 11. Rb1 axb4 12. axb4 bxc5 13. dxc5 Na6 14. Nd4 Nxb4 15.
Rxb4 Bxc5 16. Rb5 Qc7 17. Be3 Bxd4 18. Qxd4 e5 19. Qc5 Ra1+ 20. Nd1 Bg4 21. Be2
Qd7 22. f3 Rc8 23. Qb4 Bh3 24. Qb2 Ra4 25. Nf2 d4 26. Bg5 Be6 27. Rb7 Qc6 28.
Rb6 Qc7 29. Rb7 Qc6 30. Rb6 Qc7 31. Rxe6 fxe6 32. O-O Nd5 33. Bd3 h6 34. Bc1
Raa8 35. Qe2 Ra1 36. Bd2 Rxf1+ 37. Kxf1 Nc3 38. Bxc3 dxc3 39. Bc2 Rd8 40. Ne4
Qa5 41. Qc4 Qa1+ 42. Ke2 Qg1 43. Qxc3 Qxh2+ 44. Nf2 Qxg3 45. Qc6 Qg5 1/2-1/2

[Event "GBR-ch82"]
[Site "Swansea"]
[Date "1995.07.31"]
[Round "1"]
[White "McDonnell, James J"]
[Black "Ledger, Stephen C"]
[Result "0-1"]
[WhiteElo "2055"]
[BlackElo "2260"]
[PlyCount "52"]
[EventDate "1995.07.31"]
[EventType "swiss"]
[EventRounds "11"]
[EventCountry "GBR"]
[SourceTitle "BritBase"]
[Source "John Saunders"]
[SourceDate "2023.06.01"]
[SourceVersion "1"]
[SourceVersionDate "2023.06.01"]
[SourceQuality "1"]

1. e4 c5 2. Nf3 Nc6 3. d4 cxd4 4. Nxd4 e5 5. Nb5 a6 6. Nd6+ Bxd6 7. Qxd6 Qf6 8.
Qd1 Qg6 9. h4 Qxe4+ 10. Qe2 Qxe2+ 11. Bxe2 d5 12. Nc3 Nge7 13. Bg5 f6 14. Bd2
Bf5 15. Bd3 Bxd3 16. cxd3 Nb4 17. Ke2 Nec6 18. Be1 O-O-O 19. f3 f5 20. Bf2 Rhe8
21. a3 Nd4+ 22. Bxd4 exd4+ 23. Kf1 Nc2 24. Rc1 Ne3+ 25. Kf2 dxc3 26. Rxc3+ Kb8
0-1

[Event "GBR-ch82"]
[Site "Swansea"]
[Date "1995.07.31"]
[Round "1"]
[White "McShane, Luke J"]
[Black "Buckley, Graeme N"]
[Result "1-0"]
[WhiteElo "2170"]
[BlackElo "2355"]
[PlyCount "81"]
[EventDate "1995.07.31"]
[EventType "swiss"]
[EventRounds "11"]
[EventCountry "GBR"]
[SourceTitle "BritBase"]
[Source "John Saunders"]
[SourceDate "2023.06.01"]
[SourceVersion "1"]
[SourceVersionDate "2023.06.01"]
[SourceQuality "1"]

1. e4 c5 2. Nf3 d6 3. d4 cxd4 4. Nxd4 Nf6 5. Nc3 e6 6. Be3 Be7 7. f3 Nc6 8. Qd2
O-O 9. O-O-O d5 10. exd5 exd5 11. Kb1 Be6 12. g4 Rc8 13. g5 Nd7 14. Nxe6 fxe6
15. Nxd5 exd5 16. Qxd5+ Kh8 17. Qxd7 Qa5 18. Bd3 Bxg5 19. Bxg5 Qxg5 20. Rhg1
Qf6 21. Rg6 Qf7 22. Qxf7 Rxf7 23. Rg3 Rd8 24. Re1 Nd4 25. Be4 Ne2 26. Rg5 Rfd7
27. c4 Nf4 28. Rf5 Ng2 29. Re2 Rd1+ 30. Kc2 Ne1+ 31. Kc3 Rc1+ 32. Kb4 b6 33.
Rd5 Rf8 34. Kb5 g6 35. Rd7 Re8 36. Ka6 g5 37. Rxh7+ Kg8 38. Rxa7 Kf8 39. Kxb6
g4 40. fxg4 Rxc4 41. Rf2+ 1-0

[Event "GBR-ch82"]
[Site "Swansea"]
[Date "1995.07.31"]
[Round "1"]
[White "Menadue, Jeremy FS"]
[Black "Hebden, Mark L"]
[Result "1/2-1/2"]
[WhiteElo "2255"]
[BlackElo "2570"]
[PlyCount "95"]
[EventDate "1995.07.31"]
[EventType "swiss"]
[EventRounds "11"]
[EventCountry "GBR"]
[SourceTitle "BritBase"]
[Source "John Saunders"]
[SourceDate "2023.06.01"]
[SourceVersion "1"]
[SourceVersionDate "2023.06.01"]
[SourceQuality "1"]

1. d4 Nf6 2. c4 g6 3. Nc3 Bg7 4. e4 d6 5. f3 O-O 6. Bg5 c5 7. d5 a6 8. a4 e6 9.
Qd2 exd5 10. cxd5 Re8 11. Nge2 Nbd7 12. Ng3 Qa5 13. Ra3 h5 14. Be2 Nh7 15. Be3
h4 16. Nf1 Ne5 17. g4 Bd7 18. Kf2 Qb4 19. Qc2 c4 20. Nd2 Rac8 21. Rha1 f5 22.
gxf5 gxf5 23. Rg1 Kh8 24. Rxg7 Kxg7 25. a5 Nf6 26. Na2 Nd3+ 27. Bxd3 cxd3 28.
Qxc8 Qxd2+ 29. Bxd2 Rxc8 30. Nc3 fxe4 31. Nxe4 Rc2 32. Rxd3 Bb5 33. Rd4 Nxe4+
34. fxe4 Rxb2 35. Kf3 Kg6 36. Kg4 Rb3 37. Bb4 Bd7+ 38. Kf4 Rb2 39. Bxd6 Rxh2
40. e5 Rg2 41. e6 Bb5 42. Kf3 Rg5 43. Be7 Rg3+ 44. Kf2 Kf5 45. Bxh4 Ra3 46. Bg3
Ra2+ 47. Kf3 Ra3+ 48. Kf2 1/2-1/2

[Event "GBR-ch82"]
[Site "Swansea"]
[Date "1995.07.31"]
[Round "1"]
[White "Pert, Nicholas"]
[Black "Cooper, Lawrence"]
[Result "0-1"]
[WhiteElo "2160"]
[BlackElo "2315"]
[PlyCount "102"]
[EventDate "1995.07.31"]
[EventType "swiss"]
[EventRounds "11"]
[EventCountry "GBR"]
[SourceTitle "BritBase"]
[Source "John Saunders"]
[SourceDate "2023.06.01"]
[SourceVersion "1"]
[SourceVersionDate "2023.06.01"]
[SourceQuality "1"]

1. d4 Nf6 2. Nf3 e6 3. g3 b5 4. Bg2 Bb7 5. O-O c5 6. c3 Na6 7. Bg5 Qb6 8. Nbd2
Be7 9. Re1 h6 10. Bxf6 Bxf6 11. a4 cxd4 12. axb5 Qxb5 13. cxd4 d5 14. Qa4 Nc7
15. Rec1 Qxa4 16. Rxa4 Nb5 17. e3 O-O 18. Bf1 Nd6 19. Rca1 Nc8 20. Nb3 Bc6 21.
Ra6 Rb8 22. Nfd2 Bb5 23. Bxb5 Rxb5 24. Rc6 Rb7 25. Kf1 Ne7 26. Rc3 Rfb8 27.
Rac1 e5 28. Ke2 exd4 29. exd4 Rb4 30. Kd3 a5 31. Nxa5 Rxd4+ 32. Kc2 Ra4 33. Nc6
Nxc6 34. Rxc6 Rxb2+ 35. Kd1 Bg5 36. f4 Be7 37. R1c2 Raa2 38. Nf3 Rxc2 39. Rxc2
Rxc2 40. Kxc2 Bc5 41. Ne5 Bg1 42. Nf3 Ba7 43. f5 Kf8 44. Ne5 Bg1 45. Nf3 Bc5
46. Kd3 Ke7 47. Ne5 h5 48. h3 Bd6 49. Nc6+ Kd7 50. Na5 Bxg3 51. Kd4 Bc7 0-1

[Event "GBR-ch82"]
[Site "Swansea"]
[Date "1995.07.31"]
[Round "1"]
[White "Ryan, Joseph"]
[Black "Parker, Jonathan F"]
[Result "0-1"]
[WhiteElo "2210"]
[BlackElo "2415"]
[PlyCount "62"]
[EventDate "1995.07.31"]
[EventType "swiss"]
[EventRounds "11"]
[EventCountry "GBR"]
[SourceTitle "BritBase"]
[Source "John Saunders"]
[SourceDate "2023.06.01"]
[SourceVersion "1"]
[SourceVersionDate "2023.06.01"]
[SourceQuality "1"]

1. d4 Nf6 2. Nf3 e6 3. Bg5 d5 4. e3 Be7 5. Nbd2 b6 6. c3 Bb7 7. Bd3 Nbd7 8. O-O
Ne4 9. Bxe7 Qxe7 10. Qc2 f5 11. c4 c6 12. cxd5 exd5 13. Rfe1 O-O 14. Nf1 Kh8
15. N3d2 c5 16. f3 Nd6 17. e4 fxe4 18. fxe4 cxd4 19. e5 Nxe5 20. Bxh7 Qg5 21.
Qc7 Qf6 22. Qc2 Rac8 23. Qd1 g6 24. Rxe5 Qxe5 25. Bxg6 Qg5 26. Bb1 Ba6 27. Nf3
Rc1 28. Qxd4+ Qf6 29. Bd3 Qxd4+ 30. Nxd4 Rfxf1+ 31. Bxf1 Rxa1 0-1

[Event "GBR-ch82"]
[Site "Swansea"]
[Date "1995.07.31"]
[Round "1"]
[White "Summerscale, Aaron P"]
[Black "Rudd, Jack"]
[Result "1-0"]
[WhiteElo "2455"]
[BlackElo "2230"]
[PlyCount "55"]
[EventDate "1995.07.31"]
[EventType "swiss"]
[EventRounds "11"]
[EventCountry "GBR"]
[SourceTitle "BritBase"]
[Source "John Saunders"]
[SourceDate "2023.06.01"]
[SourceVersion "1"]
[SourceVersionDate "2023.06.01"]
[SourceQuality "1"]

1. d4 Nf6 2. c4 g6 3. Nc3 Bg7 4. e4 O-O 5. f4 d6 6. Nf3 c5 7. d5 e6 8. Be2 exd5
9. cxd5 b5 10. e5 dxe5 11. fxe5 Ng4 12. Bg5 Qa5 13. O-O Nxe5 14. d6 Bb7 15. Be7
Re8 16. Nxe5 Bxe5 17. d7 Nxd7 18. Qxd7 Qb6 19. Bxb5 a6 20. Bc4 Qxb2 21. Bxf7+
Kh8 22. Nd5 Qd4+ 23. Kh1 Rxe7 24. Qxe7 Bxd5 25. Bxd5 Qxd5 26. Rad1 Bd4 27. Rf7
Kg8 28. Rg7+ 1-0

[Event "GBR-ch82"]
[Site "Swansea"]
[Date "1995.07.31"]
[Round "1"]
[White "Thompson, Ian D"]
[Black "Cooksey, Paul S"]
[Result "1-0"]
[WhiteElo "2310"]
[BlackElo "2115"]
[PlyCount "71"]
[EventDate "1995.07.31"]
[EventType "swiss"]
[EventRounds "11"]
[EventCountry "GBR"]
[SourceTitle "BritBase"]
[Source "John Saunders"]
[SourceDate "2023.06.01"]
[SourceVersion "1"]
[SourceVersionDate "2023.06.01"]
[SourceQuality "1"]

1. g3 Nf6 2. Bg2 c5 3. c4 d5 4. cxd5 Nxd5 5. Nc3 Nc7 6. Nf3 Nc6 7. O-O e5 8. d3
Be7 9. Nd2 Bd7 10. Nc4 O-O 11. a4 b6 12. f4 exf4 13. Bxf4 Ne6 14. Bd6 Ned4 15.
e3 Ne6 16. Nd5 Bxd6 17. Nxd6 Nc7 18. Qh5 g6 19. Qh6 Nxd5 20. Nxf7 Rxf7 21. Bxd5
Be8 22. Rxf7 Bxf7 23. Bxc6 Rc8 24. Be4 c4 25. d4 Qe7 26. Qf4 Re8 27. Rf1 Kg7
28. Rf2 Qxe4 29. Qxf7+ Kh8 30. Qxc4 Qxe3 31. Qc3 Qxc3 32. bxc3 Rc8 33. Rf3 Rc4
34. d5 Rxa4 35. d6 Ra1+ 36. Rf1 1-0

[Event "GBR-ch82"]
[Site "Swansea"]
[Date "1995.07.31"]
[Round "1"]
[White "Ward, Christopher G"]
[Black "Byway, Paul V"]
[Result "1-0"]
[WhiteElo "2500"]
[BlackElo "2245"]
[PlyCount "85"]
[EventDate "1995.07.31"]
[EventType "swiss"]
[EventRounds "11"]
[EventCountry "GBR"]
[SourceTitle "BritBase"]
[Source "John Saunders"]
[SourceDate "2023.06.01"]
[SourceVersion "1"]
[SourceVersionDate "2023.06.01"]
[SourceQuality "1"]

1. d4 e6 2. c4 Nf6 3. Nc3 Bb4 4. g3 O-O 5. Bg2 d5 6. Nf3 c5 7. cxd5 Nxd5 8. Bd2
Nc6 9. Nxd5 Qxd5 10. Bxb4 Nxb4 11. O-O Rd8 12. dxc5 Bd7 13. a3 Qxd1 14. Rfxd1
Nd5 15. Ne5 Bb5 16. Bxd5 exd5 17. Rd2 f6 18. Nf3 a5 19. Nd4 Bd7 20. b3 g5 21.
Rc1 Rdc8 22. f3 Ra6 23. b4 axb4 24. axb4 Ra4 25. Rb2 Kf7 26. Kf2 Kg6 27. Rc3 h5
28. Nc2 Bb5 29. Ra3 Re8 30. Re3 Rea8 31. Re7 Rb8 32. h3 b6 33. cxb6 Rxb6 34. g4
hxg4 35. hxg4 f5 36. gxf5+ Kf6 37. Re6+ Rxe6 38. fxe6 Ke5 39. e3 Bc4 40. Nd4
Kd6 41. b5 Ra8 42. b6 Rb8 43. Kg3 1-0

[Event "GBR-ch82"]
[Site "Swansea"]
[Date "1995.07.31"]
[Round "1"]
[White "Williams, Leighton"]
[Black "Mason, Donald J"]
[Result "1/2-1/2"]
[WhiteElo "2135"]
[BlackElo "2295"]
[PlyCount "36"]
[EventDate "1995.07.31"]
[EventType "swiss"]
[EventRounds "11"]
[EventCountry "GBR"]
[SourceTitle "BritBase"]
[Source "John Saunders"]
[SourceDate "2023.06.01"]
[SourceVersion "1"]
[SourceVersionDate "2023.06.01"]
[SourceQuality "1"]

1. d4 Nf6 2. c4 g6 3. Nc3 Bg7 4. e4 d6 5. Be2 O-O 6. Nf3 e5 7. d5 Nbd7 8. h4
Nc5 9. Nd2 a5 10. g4 Ne8 11. Nb3 f5 12. gxf5 gxf5 13. Bg5 Qd7 14. Nxc5 dxc5 15.
Qd2 f4 16. h5 h6 17. Bh4 Bf6 18. O-O-O Bxh4 1/2-1/2

[Event "GBR-ch82"]
[Site "Swansea"]
[Date "1995.07.31"]
[Round "1"]
[White "Williams, Simon Kim"]
[Black "Arkell, Keith C"]
[Result "0-1"]
[WhiteElo "2250"]
[BlackElo "2505"]
[PlyCount "112"]
[EventDate "1995.07.31"]
[EventType "swiss"]
[EventRounds "11"]
[EventCountry "GBR"]
[SourceTitle "BritBase"]
[Source "John Saunders"]
[SourceDate "2023.06.01"]
[SourceVersion "1"]
[SourceVersionDate "2023.06.01"]
[SourceQuality "1"]

1. c4 c5 2. Nc3 g6 3. g3 Bg7 4. Bg2 Nc6 5. d3 Rb8 6. e4 e6 7. h4 h5 8. Nge2 a6
9. a4 Nge7 10. Rb1 d6 11. Be3 Nd4 12. b4 cxb4 13. Bxd4 Bxd4 14. Nxd4 bxc3 15.
Qc2 Qa5 16. Ne2 Bd7 17. Qxc3 Qxc3+ 18. Nxc3 Nc6 19. Kd2 b6 20. f4 Kd8 21. Rhe1
f6 22. Re3 Nd4 23. Bh3 Bc6 24. Ne2 e5 25. a5 Kc7 26. axb6+ Rxb6 27. Rxb6 Kxb6
28. Nxd4 exd4 29. Re1 Re8 30. Rb1+ Kc5 31. Ra1 Ra8 32. Be6 Ra7 33. Kc2 a5 34.
Bd5 a4 35. Kb2 f5 36. Bxc6 Kxc6 37. e5 dxe5 38. fxe5 Ra5 39. Re1 a3+ 40. Ka2
Kd7 41. e6+ Ke7 42. Re2 Ra6 43. c5 Ra8 44. Re5 Ra5 45. Kb1 a2+ 46. Ka1 Ra3 47.
Rd5 Rxd3 48. Rd7+ Kxe6 49. Rd6+ Ke5 50. Rxg6 Rc3 51. Kxa2 Rxc5 52. Rg8 d3 53.
Rd8 Rd5 54. Re8+ Kf6 55. Re1 d2 56. Rd1 Ke5 0-1

[Event "GBR-ch82"]
[Site "Swansea"]
[Date "1995.08.01"]
[Round "2"]
[White "Arkell, Keith C"]
[Black "Thompson, Ian D"]
[Result "1-0"]
[WhiteElo "2505"]
[BlackElo "2310"]
[PlyCount "69"]
[EventDate "1995.07.31"]
[EventType "swiss"]
[EventRounds "11"]
[EventCountry "GBR"]
[SourceTitle "BritBase"]
[Source "John Saunders"]
[SourceDate "2023.06.01"]
[SourceVersion "1"]
[SourceVersionDate "2023.06.01"]
[SourceQuality "1"]

1. d4 e6 2. c4 b6 3. d5 Ba6 4. e4 exd5 5. cxd5 Bb4+ 6. Nc3 Qe7 7. Bxa6 Nxa6 8.
Nge2 Nf6 9. f3 O-O 10. Bg5 c6 11. O-O Nc7 12. Rc1 Rfe8 13. Kh1 Bxc3 14. Nxc3
cxd5 15. Qd4 Ne6 16. Bxf6 gxf6 17. Qxd5 Rac8 18. Qf5 Ng7 19. Qf4 Qe5 20. Qxe5
fxe5 21. Nd5 Kf8 22. Nf6 Rxc1 23. Rxc1 Rd8 24. Rc7 Ke7 25. Nd5+ Kd6 26. Rxa7
Rc8 27. h4 Rc4 28. Kh2 Rc2 29. b4 Nh5 30. Rb7 Rc6 31. b5 Rc2 32. Rxb6+ Kc5 33.
Rh6 Nf4 34. Nxf4 exf4 35. Rf6 1-0

[Event "GBR-ch82"]
[Site "Swansea"]
[Date "1995.08.01"]
[Round "2"]
[White "Buckley, Graeme N"]
[Black "Sheldon, Ruth"]
[Result "1-0"]
[WhiteElo "2355"]
[BlackElo "2185"]
[PlyCount "91"]
[EventDate "1995.07.31"]
[EventType "swiss"]
[EventRounds "11"]
[EventCountry "GBR"]
[SourceTitle "BritBase"]
[Source "John Saunders"]
[SourceDate "2023.06.01"]
[SourceVersion "1"]
[SourceVersionDate "2023.06.01"]
[SourceQuality "1"]

1. d4 Nf6 2. c4 g6 3. Nc3 Bg7 4. e4 d6 5. f4 O-O 6. Nf3 c5 7. d5 e6 8. Be2 exd5
9. cxd5 Bg4 10. O-O Re8 11. Qc2 Na6 12. Bxa6 bxa6 13. Nd2 Bd7 14. a4 Ng4 15.
Nf3 f5 16. h3 fxe4 17. Nxe4 Bf5 18. hxg4 Bxe4 19. Qc4 Rb8 20. Ra3 Rb4 21. Qxa6
Bxd5 22. Rd1 Bxf3 23. Rxf3 Bd4+ 24. Kh2 Qh4+ 25. Rh3 Qxg4 26. Rdd3 Re1 27. Rxd4
Rxd4 28. Qxa7 h5 29. Qb8+ Kf7 30. Qc7+ Re7 31. Qd8 Rd1 32. f5 gxf5 33. Bh6 Qg8
34. Qb6 Rde1 35. Qb3+ R1e6 36. Rg3 Qxg3+ 37. Kxg3 Kg6 38. Bf4 Re4 39. a5 Rb4
40. Qd5 Rd4 41. Qg8+ Rg7 42. Qe6+ Kh7+ 43. Kf3 Rd3+ 44. Ke2 Rd4 45. Qxf5+ Kg8
46. Kf3 1-0